00956nam a2200241Ia 4500001000600000003000900006008004100015040001300056040001300069041001300082100002000095100002900115245002900144245002900173250001100202260001100213260001300224260004900237300004200286500031800328650003700646650003100683 4196IT-RoPAU130308s9999 xx 000 0 und d aIT-RoPAU cIT-RoPAU aSPAGNOLO aIribarren Jesus gCodice Aut. SPICS: 5323 aDerecho a la verdad (El) bDerecho a la verdad (El) a1a ed. aMADRID bCatolica c1968 [1° Ed.:1968 - Ed.Ling.Originale:1968] a"592 p. (prefazione: 86; testo: 506)" aDottrina della Chiesa Sulla Stampa Radio e Televisione 1831 1968 Morale pubblicistica Dalla Morale Alla Teologia della Comunicazione I Papi e la Comunicazione Sociale Documenti Pontifici e Conciliari da Gregorio XVI Pio Ix Pio X Benedetto Xv Pio XI Pio XII Giovanni XXIII Paolo VI sintesi Dottrinale dei Documenti aTESTI DI DOCUMENTI ECCLESIASTICI eCodice materia Spics: 9101